000 00471nam a22001697a 4500
005 20250416123931.0
008 250416b |||||||| |||| 00| 0 eng d
020 _a9781647268688
041 _aeng
082 _a306.44 FUE
100 _aFuentes, Ernie
245 _aLanguage Policy Planning And Management
260 _aUSA
_bClanrye International
_c2025
300 _a355;. pages: 24 cm
650 _aLanguage Arts & Disciplines; Linguistics; General
942 _cBK
999 _c43621
_d43621